Observatorio medioambiental
| Corporate Author: | |
|---|---|
| Format: | Electronic Serial |
| Language: | Spanish English French |
| Published: |
Madrid :
Servicio de Publicaciones, Universidad Complutense,
1998-
|
| Subjects: | |
| Online Access: | Full text available from Research Library: 01/01/2005 to present |
MARC
| LEADER | 00000nas a2200000 a 4500 | ||
|---|---|---|---|
| 001 | ssj0059475 | ||
| 003 | WaSeSS | ||
| 005 | 20200512172242.0 | ||
| 006 | m d | ||
| 007 | cr n | ||
| 008 | 000406c19989999sp ar s 0 0spa | ||
| 010 | |a 00206418 | ||
| 022 | |l 1139-1987 |y 1139-1987 | ||
| 035 | |a (WaSeSS)ssj0059475 | ||
| 040 | |a DLC |b eng |c DLC |d OCLCQ |d OCLCF |d OCLCO |d OCLCQ |d RDF |d OCLCO |d CUS |d WaSeSS | ||
| 041 | 0 | |a spa |a eng |a fre | |
| 042 | |a pcc | ||
| 050 | 0 | 0 | |a GE1 |b .O27 |
| 222 | 0 | |a Observatorio medioambiental | |
| 245 | 0 | 0 | |a Observatorio medioambiental |h [electronic resource] / |c Instituto Universitario de Ciencias Ambientales. |
| 260 | |a Madrid : |b Servicio de Publicaciones, Universidad Complutense, |c 1998- | ||
| 310 | |a Annual | ||
| 362 | 0 | |a 1 (1998)- | |
| 506 | |a License restrictions may limit access. | ||
| 546 | |a Chiefly Spanish, some English and French. | ||
| 588 | |a Latest issue consulted: 2 (1999). | ||
| 650 | 0 | |a Environmental sciences |v Periodicals. | |
| 650 | 0 | |a Environmental protection |v Periodicals. | |
| 650 | 7 | |a Environmental protection. |2 fast |0 (OCoLC)fst00913324 | |
| 650 | 7 | |a Environmental sciences. |2 fast |0 (OCoLC)fst00913474 | |
| 655 | 0 | |a Electronic journals. | |
| 710 | 2 | |a Instituto Universitario de Ciencias Ambientales (Madrid, Spain) | |
| 850 | |a DLC | ||
| 856 | 4 | 0 | |z Full text available from Research Library: 01/01/2005 to present |u https://search.proquest.com/publication/54846 |